000 00268nam a22001217a 4500
020 _a81-284-0124-6
082 _a823
_bJUN/R
100 _aJUNIOR DIAMOND
245 _aRAPUNZEL
260 _aDELHI
_bJUNIOR DIAMOND
650 _aCHILDRENS STORY BOOK
_zINDIA
942 _cBK
999 _c7042
_d7042